000 00833cam a22002413a 4500
001 25635
003 PGUSA
005 20140828083542.0
008 080529s2008||||xxu|||||s|||||000 | eng d
040 _aPGUSA
_beng
042 _adc
050 4 _aDT
100 1 _aTesta, Carlos,
_d1823-1891
245 1 2 _aA Influencia Europea na Africa perante a Civilisação e as Relações Internacionaes :
_bConsiderações ácerca do tratado de 30 de maio de 1879 denominado de «Lourenço Marques»
_h[electronic resource] /
_cCarlos Testa
260 _bProject Gutenberg,
_c2008
506 _aPublic domain in the USA.
516 _aElectronic text
653 _aMozambique -- History
653 _aPortugal -- Colonies -- Africa
830 0 _aProject Gutenberg
_v25635
856 4 0 _uhttp://www.gutenberg.org/ebooks/25635
942 _cEB
999 _c254890
_d254890